000 00741nam a2200229 a 4500
001 48630
003 BD-RjUL
005 20211209054545.0
008 160814s1977 BG |||| |||| 00| 0 ben d
020 _c:TK. 8.00
035 _a(BD-RjUL)48749
040 _aBD-RjUL
_bben
_cBD-RjUL
041 _aben
082 _223
_a891.441
_bHAD 1977
100 1 _aহায়দার, জিয়া
_9124144
245 1 0 _aদূর থেকে দেখা /
_cজিয়া হায়দার
260 _aঢাকা :
_bমুক্তধারা,
_c১৯৭৭
300 _a৬২ পৃ. ;
_c২১ সেমি.
650 _aবাংলা
_9126131
_vকবিতা
650 _aBengali
_9126132
_v Poetry
942 _2ddc
_cBK
999 _c48630
_d48630